Andere Länder, andere Marken - Statistiken

Allgemein
  • Dieses Quiz wurde 100 mal gespielt
  • Das Durchschnittsergebnis liegt bei 4 aus 30
Antwortstatistiken
Markenname (u.a. Herkunftsort) Deutscher Markenname % Korrekt
Pecsi (Argentinien) Pepsi
90%
Hofer (Österreich) Aldi
51%
TJ Maxx (Vereinigte Staaten) TK Maxx
42%
Toffifay (Vereinigte Staaten) Toffifee
40%
Dannon (Vereinigte Staaten) Danone
31%
3 Musketeers (Vereinigte Staaten) Milky Way
28%
Diet Coke (Vereinigte Staaten) Coca-Cola Light
26%
Hungry Jack’s (Australien) Burger King
23%
Vauxhall (Vereinigtes Königreich) Opel
23%
Milky Way (Vereinigte Staaten) Mars
18%
Vicks (Weltweit) Wick
14%
PFK (Kanada) KFC
11%
Chipsy (Ägypten) Lay’s
10%
Dosenbach (Schweiz) Deichmann
7%
Lynx (China) Axe
6%
Czechvar (Vereinigte Staaten) Budweiser
6%
Choco Pops (Frankreich) Choco Krispies
5%
Wall’s (Vereinigtes Königreich) Langnese
5%
Zielpunkt (Österreich) Plus
3%
Cameo (Italien) Dr. Oetker
2%
Findus (Belgien) Iglo
2%
Don Limpio (Spanien) Meister Proper
2%
Olay (Weltweit) Olaz
2%
Royco (Indonesien) Knorr
1%
Orkid (Türkei) Always
0%
Zucaritas (Lateinamerika) Frosties
0%
Best Foods (Neuseeland) Hellmann’s
0%
Downy (Vereinigte Staaten) Lenor
0%
Doriana (Brasilien) Rama
0%
Sterilan (Norwegen) Rexona
0%
Keine übereinstimmenden Quizze gefunden
Verteilung der Resultate
Anzahl Personen mit jedem Resultat
Perzentil nach korrekt beantworteten Fragen
Ihre Resultats-Entwicklung
Sie haben dieses Quiz noch nicht gespielt